| 000 | 00775nam a2200241Ia 4500 | ||
|---|---|---|---|
| 001 | 13109 | ||
| 003 | GE_BSU | ||
| 008 | 181216s||||||||xx |||||||||||||| ||und|| | ||
| 020 | _a9780276427374 | ||
| 040 | _cGE_BSU | ||
| 080 | _a821.111-32 | ||
| 245 | _aReader's digest condesed books. | ||
| 245 | 4 | _bThe Millionaires. Only Dad. Gone For Good. Black Ice. | |
| 245 | _cSelected and edited by Reader's Digest. | ||
| 260 | _aLondon. | ||
| 260 | _bCondesed books books division. | ||
| 260 | _c2002 | ||
| 300 | _a560p;20cm. | ||
| 300 | _bill. | ||
| 520 | _aMeltzer,Brad-The Millionaires(p.9-158). Titchmarsh,Alan-Only Dad(p.159-272). Coben,Harlan-Gone For Good(p.273-418). Dickinson,Matt-Black Ice(p.419-538). | ||
| 653 | _aReader's digest condesed books. | ||
| 942 | _cBK | ||
| 999 |
_c46275 _d46275 |
||